Central Library and Information Centre
Sibsagar Girls' College, Sivasagar : Assam

MICROECONOMICS (Record no. 18559)

MARC details
000 -LEADER
fixed length control field 00395cam a2200181ua 4500
008 - FIXED-LENGTH DATA ELEMENTS--GENERAL INFORMATION
fixed length control field 120811n2012 II |||gr||||Z||||||eng
040 ## - CATALOGING SOURCE
Original cataloging agency MAIN
041 ## - LANGUAGE CODE
-- English
082 ## - DEWEY DECIMAL CLASSIFICATION NUMBER
Classification number 330 DWI
100 ## - MAIN ENTRY--PERSONAL NAME
Personal name DWIVEDI, D.N.
245 ## - TITLE STATEMENT
Title MICROECONOMICS
250 ## - EDITION STATEMENT
Edition statement 1st.
260 ## - PUBLICATION, DISTRIBUTION, ETC.
Place of publication, distribution, etc. DELHI
Name of publisher, distributor, etc. PEARSON EDUCATION
Date of publication, distribution, etc. 2012
300 ## - PHYSICAL DESCRIPTION
Extent 649:
Dimensions 24CM.
942 ## - ADDED ENTRY ELEMENTS (KOHA)
Koha item type Books
653 ## - INDEX TERM--UNCONTROLLED
Uncontrolled term Economics
Holdings
Withdrawn status Lost status Damaged status Not for loan Collection code Home library Current library Shelving location Date acquired Total Checkouts Full call number Barcode Date last seen Date last checked out Copy number Price effective from Koha item type Public note
        TBECO Central Library and Information Centre Sibsagar Girls College Central Library and Information Centre Sibsagar Girls College EDUCATION BOOK RACK 06.08.2012 2 330 DWI 27953 22.09.2023 14.09.2023 1 27.02.2020 Books V
        TBECO Central Library and Information Centre Sibsagar Girls College Central Library and Information Centre Sibsagar Girls College ECONOMICS BOOK RACK 06.08.2012 2 330 DWI 27954 03.11.2022 28.10.2022 2 27.02.2020 Books V
        TBECO Central Library and Information Centre Sibsagar Girls College Central Library and Information Centre Sibsagar Girls College ECONOMICS BOOK RACK 06.08.2012 6 330 DWI 27955 06.11.2023 19.10.2023 3 27.02.2020 Books V


Sibsagar Girl's College © 2020. All rights reserved.
Powered by Koha.
Maintained by Abhijit Borpuzari.